[Event "WCO2014"]
[Site "Tromso"]
[Date "2014.08.05"]
[Round "4.16"]
[WhiteID "2004887"]
[White "Shankland Samuel L"]
[BlackID "14300010"]
[Black "Gluckman David"]
[Result "1-0"]
[LiveChessVersion "1.4.3"]
[BlackElo "2236"]
[WhiteElo "2624"]

1. e4 {[%clk 1:30:49]} e6 {[%clk 1:30:49]} 2. d4 {[%clk 1:31:10]} d5
{[%clk 1:31:12]} 3. Nd2 {[%clk 1:31:33]} Nc6 {[%clk 1:30:56]} 4. Ngf3
{[%clk 1:31:46]} Nf6 {[%clk 1:30:44]} 5. e5 {[%clk 1:32:07]} Nd7 {[%clk 1:30:48]}
6. Nb3 {[%clk 1:32:15]} a5 {[%clk 1:29:28]} 7. a4 {[%clk 1:32:22]} Be7
{[%clk 1:25:40]} 8. c3 {[%clk 1:31:47]} b6 {[%clk 1:21:59]} 9. h4
{[%clk 1:31:21]} h6 {[%clk 1:10:55]} 10. Rh3 {[%clk 1:21:47]} Ba6
{[%clk 0:55:28]} 11. Bxa6 {[%clk 1:21:29]} Rxa6 {[%clk 0:55:54]} 12. h5
{[%clk 1:21:52]} Ra8 {[%clk 0:54:36]} 13. Rg3 {[%clk 1:22:01]} Bf8
{[%clk 0:54:45]} 14. Kf1 {[%clk 1:19:49]} Ndb8 {[%clk 0:47:05]} 15. Be3
{[%clk 1:16:44]} Qd7 {[%clk 0:46:52]} 16. Nc1 {[%clk 1:15:27]} Kd8
{[%clk 0:43:51]} 17. Nd3 {[%clk 1:13:26]} Kc8 {[%clk 0:42:19]} 18. Rc1
{[%clk 1:02:22]} Kb7 {[%clk 0:37:47]} 19. Qb3 {[%clk 0:59:05]} Ka7
{[%clk 0:34:10]} 20. Rg4 {[%clk 0:55:26]} Na6 {[%clk 0:33:20]} 21. Qb5
{[%clk 0:55:01]} Rd8 {[%clk 0:29:48]} 22. Rf4 {[%clk 0:49:00]} Ncb8
{[%clk 0:25:52]} 23. Nd2 {[%clk 0:43:18]} c6 {[%clk 0:20:56]} 24. Qb3
{[%clk 0:43:44]} Qe8 {[%clk 0:17:05]} 25. Qd1 {[%clk 0:41:38]} Be7
{[%clk 0:15:30]} 26. Qf3 {[%clk 0:40:25]} Rf8 {[%clk 0:08:35]} 27. Rg4
{[%clk 0:40:47]} g5 {[%clk 0:05:51]} 28. hxg6 {[%clk 0:40:36]} fxg6
{[%clk 0:06:19]} 29. Qh3 {[%clk 0:40:29]} h5 {[%clk 0:05:57]} 30. Rf4
{[%clk 0:40:13]} Nc7 {[%clk 0:05:25]} 31. Nf3 {[%clk 0:38:59]} Rg8
{[%clk 0:04:24]} 32. Rf6 {[%clk 0:34:52]} Bxf6 {[%clk 0:03:13]} 33. exf6
{[%clk 0:35:17]} Rf8 {[%clk 0:03:04]} 34. Bg5 {[%clk 0:35:21]} Nd7
{[%clk 0:01:29]} 35. f7 {[%clk 0:30:21]} Qxf7 {[%clk 0:01:45]} 36. Bxd8
{[%clk 0:30:46]} Rxd8 {[%clk 0:02:12]} 37. Nfe5 {[%clk 0:31:06]} Nxe5
{[%clk 0:02:34]} 38. Nxe5 {[%clk 0:31:31]} Qe8 {[%clk 0:02:58]} 39. b4
{[%clk 0:30:34]} Na6 {[%clk 0:00:40]} 40. Rb1 {[%clk 0:29:30]} axb4
{[%clk 0:31:00]} 41. cxb4 {[%clk 1:00:25]} Rc8 {[%clk 0:28:51]} 42. Qc3
{[%clk 0:55:42]} Kb7 {[%clk 0:26:05]} 43. Rc1 {[%clk 0:50:05]} g5
{[%clk 0:21:41]} 44. Kg1 {[%clk 0:47:37]} g4 {[%clk 0:20:54]} 45. g3
{[%clk 0:47:33]} Qf8 {[%clk 0:20:04]} 46. Nd3 {[%clk 0:47:24]} Qf3
{[%clk 0:18:28]} 47. b5 {[%clk 0:46:40]} Nb8 {[%clk 0:18:38]} 48. a5
{[%clk 0:46:20]} h4 {[%clk 0:18:49]} 49. gxh4 Qf8 {[%clk 0:07:58]} 50. axb6
{[%clk 0:46:36]} Qd6 {[%clk 0:07:28]} 51. Nc5+ {[%clk 0:46:47]} Kxb6
{[%clk 0:07:52]} 52. Ra1 {[%clk 0:47:04]} cxb5 {[%clk 0:08:01]} 53. Qa5+
{[%clk 0:47:25]} Kc6 {[%clk 0:08:20]} 54. Qa8+ {[%clk 0:47:47]} 1-0

[Event "WCO2014"]
[Site "Tromso"]
[Date "2014.08.05"]
[Round "4.44"]
[WhiteID "1900803"]
[White "Dias Paulo"]
[BlackID "703303"]
[Black "Leko Peter"]
[Result "1/2-1/2"]
[LiveChessVersion "1.4.3"]
[BlackElo "2740"]
[WhiteElo "2416"]

1. d4 {[%clk 1:30:58]} Nf6 {[%clk 1:30:53]} 2. c4 {[%clk 1:31:23]} e6
{[%clk 1:31:15]} 3. Nc3 {[%clk 1:31:48]} Bb4 {[%clk 1:31:39]} 4. Qc2
{[%clk 1:31:53]} O-O {[%clk 1:26:05]} 5. a3 {[%clk 1:31:54]} Bxc3+
{[%clk 1:26:28]} 6. Qxc3 {[%clk 1:32:18]} b6 {[%clk 1:25:52]} 7. Bg5
{[%clk 1:32:25]} Bb7 {[%clk 1:26:10]} 8. f3 {[%clk 1:31:44]} d5 {[%clk 1:19:18]}
9. e3 {[%clk 1:30:29]} Nbd7 {[%clk 1:19:16]} 10. cxd5 {[%clk 1:30:09]} exd5
{[%clk 1:19:16]} 11. Bd3 {[%clk 1:26:56]} Re8 {[%clk 1:04:59]} 12. Ne2
{[%clk 1:25:05]} h6 {[%clk 0:59:49]} 13. Bh4 {[%clk 1:23:52]} Qe7
{[%clk 0:59:54]} 14. Bf2 {[%clk 1:23:30]} c5 {[%clk 0:59:27]} 15. O-O
{[%clk 1:23:05]} a5 {[%clk 0:55:44]} 16. Ng3 {[%clk 1:17:40]} Ba6
{[%clk 0:52:59]} 17. Bxa6 {[%clk 1:11:17]} Rxa6 {[%clk 0:53:26]} 18. e4
{[%clk 0:56:27]} dxe4 {[%clk 0:50:43]} 19. fxe4 {[%clk 0:48:31]} Nxe4
{[%clk 0:39:48]} 20. Nxe4 {[%clk 0:44:11]} Qxe4 {[%clk 0:40:13]} 21. dxc5
{[%clk 0:37:19]} Nxc5 {[%clk 0:35:46]} 22. Rae1 {[%clk 0:34:35]} Qa8
{[%clk 0:36:04]} 23. Rxe8+ {[%clk 0:34:45]} Qxe8 {[%clk 0:36:32]} 24. Bxc5
{[%clk 0:34:58]} bxc5 {[%clk 0:36:57]} 25. Qxc5 {[%clk 0:35:18]} a4
{[%clk 0:36:29]} 26. Rc1 {[%clk 0:31:02]} Ra8 {[%clk 0:36:23]} 27. h3
{[%clk 0:28:37]} Rb8 {[%clk 0:34:13]} 28. Kh1 {[%clk 0:22:35]} Rd8
{[%clk 0:24:58]} 29. Kh2 {[%clk 0:17:30]} g6 {[%clk 0:22:30]} 30. Qc7
{[%clk 0:16:18]} Ra8 {[%clk 0:16:58]} 31. Rc5 {[%clk 0:15:09]} h5
{[%clk 0:13:13]} 32. Qe5 {[%clk 0:14:13]} Qf8 {[%clk 0:12:36]} 33. Rb5
{[%clk 0:13:04]} Qc8 {[%clk 0:09:03]} 34. Rb4 {[%clk 0:12:09]} Qc2
{[%clk 0:06:10]} 35. Rb7 {[%clk 0:09:06]} Qc4 {[%clk 0:04:59]} 36. Rb4
{[%clk 0:08:01]} Qc2 {[%clk 0:04:58]} 37. Rb7 {[%clk 0:08:14]} Qc4
{[%clk 0:03:19]} 38. Rb4 {[%clk 0:07:37]} Qc2 {[%clk 0:03:29]} 1/2-1/2

[Event "WCO2014"]
[Site "Tromso"]
[Date "2014.08.05"]
[Round "4.43"]
[WhiteID "718939"]
[White "Balogh Csaba"]
[BlackID "1910850"]
[Black "Ferreira Jorge Viterbo"]
[Result "1-0"]
[LiveChessVersion "1.4.3"]
[BlackElo "2413"]
[WhiteElo "2637"]

1. e4 {[%clk 1:30:56]} g6 {[%clk 1:30:53]} 2. d4 {[%clk 1:31:15]} Bg7
{[%clk 1:27:29]} 3. Nc3 {[%clk 1:31:34]} d5 {[%clk 1:27:42]} 4. exd5
{[%clk 1:19:49]} Nf6 {[%clk 1:25:42]} 5. Bc4 {[%clk 1:18:39]} Nbd7
{[%clk 1:26:00]} 6. Nf3 {[%clk 1:18:04]} Nb6 {[%clk 1:26:15]} 7. Bb3
{[%clk 1:18:05]} O-O {[%clk 1:26:32]} 8. O-O {[%clk 1:18:19]} a5 {[%clk 1:26:51]}
9. a3 {[%clk 1:12:02]} a4 {[%clk 1:26:58]} 10. Ba2 {[%clk 1:12:28]} Nbxd5
{[%clk 1:27:09]} 11. Nxd5 {[%clk 1:09:15]} Nxd5 {[%clk 1:27:29]} 12. Re1
{[%clk 1:08:32]} c6 {[%clk 1:27:05]} 13. Ne5 {[%clk 1:05:55]} Be6
{[%clk 1:16:10]} 14. c3 {[%clk 1:03:59]} Nc7 {[%clk 1:08:35]} 15. Bxe6
{[%clk 0:54:31]} Nxe6 {[%clk 1:08:56]} 16. Ng4 {[%clk 0:53:12]} Qb6
{[%clk 0:56:52]} 17. Nh6+ {[%clk 0:45:37]} Bxh6 {[%clk 0:56:14]} 18. Bxh6
{[%clk 0:46:02]} Rfd8 {[%clk 0:51:38]} 19. Rxe6 {[%clk 0:44:18]} fxe6
{[%clk 0:51:59]} 20. Qe2 {[%clk 0:44:46]} Kf7 {[%clk 0:38:26]} 21. Re1
{[%clk 0:44:52]} Qb3 {[%clk 0:23:47]} 22. c4 {[%clk 0:33:49]} Rd6
{[%clk 0:23:18]} 23. d5 {[%clk 0:23:25]} cxd5 {[%clk 0:21:08]} 24. c5
{[%clk 0:23:42]} Rda6 {[%clk 0:17:20]} 25. Qe5 {[%clk 0:24:02]} Qc2
{[%clk 0:15:36]} 26. Qg7+ {[%clk 0:11:04]} Ke8 {[%clk 0:16:00]} 27. Bg5
{[%clk 0:11:22]} Qxc5 {[%clk 0:15:52]} 28. Qxh7 {[%clk 0:11:47]} Rc8
{[%clk 0:13:30]} 29. h4 {[%clk 0:11:30]} Kd7 {[%clk 0:11:27]} 30. Qxg6
{[%clk 0:11:47]} Qd6 {[%clk 0:08:24]} 31. h5 {[%clk 0:09:42]} e5 {[%clk 0:07:13]}
32. Qg7 {[%clk 0:06:56]} e4 {[%clk 0:05:07]} 33. h6 {[%clk 0:07:22]} Raa8
{[%clk 0:02:27]} 34. h7 {[%clk 0:07:38]} Qe6 {[%clk 0:01:24]} 35. Rd1
{[%clk 0:06:55]} Rf8 {[%clk 0:00:55]} 36. Bxe7 {[%clk 0:03:21]} Rf7
{[%clk 0:00:52]} 37. Qg8 {[%clk 0:02:16]} Rxg8 {[%clk 0:00:50]} 38. hxg8=Q
{[%clk 0:02:40]} Rxe7 {[%clk 0:00:39]} 39. Rxd5+ {[%clk 0:01:58]} Kc6
{[%clk 0:01:02]} 40. Qxe6+ {[%clk 0:01:59]} Rxe6 {[%clk 0:01:25]} 41. Ra5
{[%clk 0:01:36]} e3 {[%clk 0:16:39]} 42. fxe3 {[%clk 0:32:28]} Re4
{[%clk 0:16:50]} 43. Kf2 {[%clk 0:32:44]} Rc4 {[%clk 0:16:55]} 44. Kg3
{[%clk 0:28:35]} b5 {[%clk 0:13:58]} 45. Ra8 {[%clk 0:28:54]} Kd5
{[%clk 0:13:40]} 46. Rb8 {[%clk 0:28:51]} Rc5 {[%clk 0:13:49]} 47. Kf4
{[%clk 0:25:09]} Kc4 {[%clk 0:06:17]} 48. g4 {[%clk 0:25:19]} Kb3
{[%clk 0:03:20]} 49. g5 {[%clk 0:25:44]} Kxb2 {[%clk 0:03:14]} 50. g6
{[%clk 0:26:09]} Rc1 {[%clk 0:03:28]} 51. g7 {[%clk 0:23:54]} Rf1+
{[%clk 0:03:35]} 52. Ke5 {[%clk 0:24:18]} Rg1 {[%clk 0:03:58]} 53. Rxb5+
{[%clk 0:24:03]} Kxa3 {[%clk 0:04:13]} 1-0

[Event "WCO2014"]
[Site "Tromso"]
[Date "2014.08.05"]
[Round "4.42"]
[WhiteID "1900404"]
[White "Rocha Sergio"]
[BlackID "702293"]
[Black "Almasi Zoltan"]
[Result "0-1"]
[LiveChessVersion "1.4.3"]
[BlackElo "2690"]
[WhiteElo "2392"]

1. e4 {[%clk 1:30:55]} e5 {[%clk 1:27:36]} 2. Bb5 {[%clk 1:30:57]} Nf6
{[%clk 1:25:56]} 3. d4 {[%clk 1:28:08]} c6 {[%clk 1:22:05]} 4. dxe5
{[%clk 1:24:49]} Nxe4 {[%clk 1:22:23]} 5. Bd3 {[%clk 1:23:52]} Nc5
{[%clk 1:22:34]} 6. Nf3 {[%clk 1:24:00]} d5 {[%clk 1:22:56]} 7. O-O
{[%clk 1:20:07]} Be7 {[%clk 1:21:31]} 8. h3 {[%clk 1:12:27]} O-O {[%clk 1:20:34]}
9. Nc3 {[%clk 1:11:42]} Nbd7 {[%clk 1:15:38]} 10. Ne2 {[%clk 0:55:04]} f6
{[%clk 1:02:02]} 11. exf6 {[%clk 0:54:17]} Nxf6 {[%clk 1:02:27]} 12. Ned4
{[%clk 0:54:30]} Nxd3 {[%clk 1:00:19]} 13. Qxd3 {[%clk 0:51:01]} Ne4
{[%clk 1:00:43]} 14. Ne5 {[%clk 0:46:55]} Bd6 {[%clk 0:52:17]} 15. f4
{[%clk 0:40:44]} Bxe5 {[%clk 0:30:56]} 16. fxe5 {[%clk 0:39:59]} Rxf1+
{[%clk 0:31:24]} 17. Qxf1 {[%clk 0:37:25]} c5 {[%clk 0:31:28]} 18. Nf3
{[%clk 0:35:53]} Be6 {[%clk 0:27:55]} 19. Bf4 {[%clk 0:34:53]} Qb6
{[%clk 0:27:38]} 20. Qc1 {[%clk 0:25:26]} Rf8 {[%clk 0:26:16]} 21. Kh2
{[%clk 0:24:58]} d4 {[%clk 0:25:42]} 22. a4 {[%clk 0:22:13]} c4 {[%clk 0:20:28]}
23. Ra3 {[%clk 0:11:23]} Qc5 {[%clk 0:20:42]} 24. c3 {[%clk 0:06:59]} d3
{[%clk 0:14:11]} 25. Qe3 {[%clk 0:06:30]} Qd5 {[%clk 0:14:30]} 26. Ra1
{[%clk 0:06:28]} Bd7 {[%clk 0:11:18]} 27. Nd2 {[%clk 0:03:41]} Nxd2
{[%clk 0:06:22]} 28. Qxd2 {[%clk 0:04:07]} a5 {[%clk 0:06:36]} 29. Bg3
{[%clk 0:02:47]} Re8 {[%clk 0:06:24]} 30. Bf4 {[%clk 0:01:45]} Bc6
{[%clk 0:06:40]} 31. Bg3 {[%clk 0:01:15]} h6 {[%clk 0:06:39]} 32. Bf4
{[%clk 0:01:37]} Re6 {[%clk 0:06:43]} 33. Rf1 {[%clk 0:00:43]} Bxa4
{[%clk 0:06:51]} 34. Rf3 {[%clk 0:00:53]} Rg6 {[%clk 0:06:39]} 35. Rg3
{[%clk 0:00:43]} Rxg3 {[%clk 0:06:13]} 36. Bxg3 {[%clk 0:01:06]} Bc6
{[%clk 0:06:31]} 37. Bf4 {[%clk 0:01:04]} g5 {[%clk 0:06:01]} 38. Be3
{[%clk 0:01:30]} Qxe5+ {[%clk 0:06:09]} 39. Kg1 {[%clk 0:01:56]} Qg3
{[%clk 0:02:37]} 40. Qf2 {[%clk 0:01:50]} Qxf2+ {[%clk 0:01:31]} 41. Kxf2
{[%clk 0:30:17]} Kh7 {[%clk 0:31:16]} 42. g3 {[%clk 0:30:16]} Kg6
{[%clk 0:31:13]} 43. Bb6 {[%clk 0:26:09]} Kh5 {[%clk 0:27:10]} 44. Be3
{[%clk 0:19:41]} Bd7 {[%clk 0:24:01]} 45. h4 {[%clk 0:20:03]} gxh4
{[%clk 0:23:52]} 46. gxh4 {[%clk 0:20:27]} b5 {[%clk 0:15:51]} 47. Ke1
{[%clk 0:16:03]} b4 {[%clk 0:16:09]} 48. cxb4 {[%clk 0:16:28]} axb4
{[%clk 0:16:36]} 49. Kd2 {[%clk 0:16:48]} c3+ {[%clk 0:14:29]} 50. bxc3
{[%clk 0:16:54]} b3 {[%clk 0:14:56]} 51. Kc1 {[%clk 0:16:54]} Be6
{[%clk 0:15:23]} 52. c4 {[%clk 0:17:10]} Bxc4 {[%clk 0:15:43]} 53. Bd2
{[%clk 0:12:31]} Kg6 {[%clk 0:15:25]} 54. Bc3 {[%clk 0:08:41]} Kf5
{[%clk 0:15:14]} 55. Bg7 {[%clk 0:08:55]} h5 {[%clk 0:15:39]} 56. Bh8
{[%clk 0:06:43]} Kg4 {[%clk 0:15:26]} 57. Bf6 {[%clk 0:07:06]} Ba6
{[%clk 0:13:42]} 58. Kd2 {[%clk 0:06:34]} b2 {[%clk 0:13:28]} 59. Bxb2
{[%clk 0:06:59]} Kxh4 {[%clk 0:13:56]} 60. Ke3 {[%clk 0:07:20]} Kg4
{[%clk 0:14:01]} 61. Bf6 {[%clk 0:07:23]} h4 {[%clk 0:14:10]} 62. Bc3
{[%clk 0:06:21]} Kg3 {[%clk 0:12:01]} 63. Be1+ {[%clk 0:06:42]} Kh3
{[%clk 0:11:59]} 64. Bf2 {[%clk 0:05:07]} Kg4 {[%clk 0:09:06]} 65. Bg1
{[%clk 0:03:07]} h3 {[%clk 0:09:31]} 66. Bh2 {[%clk 0:03:26]} Kf5
{[%clk 0:10:00]} 67. Bc7 {[%clk 0:03:23]} Ke6 {[%clk 0:10:14]} 68. Bh2
{[%clk 0:02:31]} Kd5 {[%clk 0:10:41]} 69. Bg1 {[%clk 0:02:56]} Kc4
{[%clk 0:10:41]} 70. Kd2 {[%clk 0:03:18]} Bb7 {[%clk 0:10:22]} 0-1

[Event "WCO2014"]
[Site "Tromso"]
[Date "2014.08.05"]
[Round "4.9"]
[WhiteID "8500290"]
[White "Olape Bunmi"]
[BlackID "2101246"]
[Black "Leitao Rafael"]
[Result "0-1"]
[LiveChessVersion "1.4.3"]
[BlackElo "2649"]
[WhiteElo "2273"]

1. e4 {[%clk 1:30:58]} c5 {[%clk 1:30:21]} 2. Nf3 {[%clk 1:31:15]} Nc6
{[%clk 1:30:41]} 3. d4 {[%clk 1:31:36]} cxd4 {[%clk 1:31:04]} 4. Nxd4
{[%clk 1:32:02]} e6 {[%clk 1:31:24]} 5. Nc3 {[%clk 1:31:37]} a6 {[%clk 1:30:43]}
6. Be3 {[%clk 1:31:09]} Nf6 {[%clk 1:30:29]} 7. a3 {[%clk 1:31:01]} d6
{[%clk 1:20:19]} 8. Be2 {[%clk 1:28:55]} Be7 {[%clk 1:19:43]} 9. O-O
{[%clk 1:27:16]} O-O {[%clk 1:18:28]} 10. f4 {[%clk 1:25:48]} Re8
{[%clk 1:12:56]} 11. Qd2 {[%clk 1:23:34]} Nxd4 {[%clk 0:59:30]} 12. Bxd4
{[%clk 1:22:25]} e5 {[%clk 0:51:16]} 13. Be3 {[%clk 1:22:30]} b5 {[%clk 0:50:46]}
14. f5 {[%clk 1:20:03]} Bb7 {[%clk 0:50:51]} 15. Bf3 {[%clk 1:20:26]} Rc8
{[%clk 0:49:12]} 16. Rad1 {[%clk 1:18:12]} Rc4 {[%clk 0:46:18]} 17. Be2
{[%clk 1:16:37]} Nxe4 {[%clk 0:36:18]} 18. Nxe4 {[%clk 1:13:29]} Bxe4
{[%clk 0:36:19]} 19. Bxc4 {[%clk 1:13:44]} bxc4 {[%clk 0:36:43]} 20. Qe2
{[%clk 1:03:21]} d5 {[%clk 0:36:29]} 21. Kh1 {[%clk 1:03:39]} Bf6
{[%clk 0:33:09]} 22. Bc1 {[%clk 1:00:54]} Qa8 {[%clk 0:32:54]} 23. Rf2
{[%clk 1:00:30]} Bh4 {[%clk 0:30:04]} 24. Rff1 {[%clk 1:00:37]} d4
{[%clk 0:29:23]} 25. Qg4 {[%clk 1:00:42]} Bf6 {[%clk 0:29:17]} 26. Rf2
{[%clk 1:00:56]} Qc6 {[%clk 0:23:38]} 27. h4 {[%clk 0:59:16]} Bd5
{[%clk 0:22:05]} 28. Bg5 {[%clk 0:56:41]} Kh8 {[%clk 0:13:40]} 29. Bxf6
{[%clk 0:55:10]} gxf6 {[%clk 0:13:42]} 30. Qh5 {[%clk 0:54:59]} Rg8
{[%clk 0:13:49]} 31. Qh6 {[%clk 0:53:34]} Qb6 {[%clk 0:07:47]} 32. Rfd2
{[%clk 0:51:01]} Bb7 {[%clk 0:06:09]} 33. b3 {[%clk 0:47:57]} c3 {[%clk 0:05:48]}
34. Rf2 {[%clk 0:45:32]} Qc6 {[%clk 0:05:26]} 35. Rg1 {[%clk 0:38:35]} Qd6
{[%clk 0:05:42]} 36. Rd1 {[%clk 0:33:28]} e4 {[%clk 0:03:35]} 37. Re2
{[%clk 0:29:29]} Qe5 {[%clk 0:03:26]} 38. Kg1 {[%clk 0:29:40]} e3
{[%clk 0:02:48]} 39. Rf1 {[%clk 0:28:47]} Be4 {[%clk 0:01:51]} 40. Qf4
{[%clk 0:28:25]} Qd5 {[%clk 0:00:44]} 41. Rd1 {[%clk 0:27:11]} Bxg2
{[%clk 0:20:55]} 42. Rxd4 {[%clk 0:55:22]} Be4+ {[%clk 0:19:48]} 0-1

[Event "WCO2014"]
[Site "Tromso"]
[Date "2014.08.05"]
[Round "4.10"]
[WhiteID "2107139"]
[White "Fier Alexandr"]
[BlackID "8500037"]
[Black "Kigigha Bomo"]
[Result "1-0"]
[LiveChessVersion "1.4.3"]
[BlackElo "2197"]
[WhiteElo "2570"]

1. d4 {[%clk 1:30:55]} Nf6 {[%clk 1:30:35]} 2. Bg5 {[%clk 1:31:21]} d5
{[%clk 1:29:51]} 3. e3 {[%clk 1:31:46]} Ne4 {[%clk 1:29:14]} 4. Bf4
{[%clk 1:32:11]} c5 {[%clk 1:27:57]} 5. Bd3 {[%clk 1:32:35]} Nc6 {[%clk 1:24:50]}
6. Bxe4 {[%clk 1:33:00]} dxe4 {[%clk 1:25:06]} 7. d5 {[%clk 1:33:27]} Nb4
{[%clk 1:10:34]} 8. Nc3 {[%clk 1:33:51]} e6 {[%clk 1:11:01]} 9. d6
{[%clk 1:32:00]} f6 {[%clk 1:05:57]} 10. Nxe4 {[%clk 1:25:38]} e5
{[%clk 1:02:44]} 11. Bxe5 {[%clk 1:16:30]} Bf5 {[%clk 0:49:03]} 12. a3
{[%clk 1:15:34]} Bxe4 {[%clk 0:45:37]} 13. axb4 {[%clk 1:15:59]} Bxg2
{[%clk 0:43:00]} 14. Qh5+ {[%clk 1:13:56]} g6 {[%clk 0:36:19]} 15. Qg4
{[%clk 1:14:22]} Bxh1 {[%clk 0:36:44]} 16. Qe6+ {[%clk 1:14:48]} Be7
{[%clk 0:37:07]} 17. Bxf6 {[%clk 1:14:44]} Qxd6 {[%clk 0:37:24]} 18. Qxd6
{[%clk 1:15:10]} Bxd6 {[%clk 0:37:51]} 19. Bxh8 {[%clk 1:15:35]} Kf7
{[%clk 0:37:42]} 20. bxc5 {[%clk 1:15:39]} Bxh2 {[%clk 0:37:55]} 21. Bd4
{[%clk 1:16:03]} h5 {[%clk 0:36:44]} 22. Nh3 {[%clk 1:15:04]} Ke6
{[%clk 0:30:23]} 23. f3 {[%clk 1:13:15]} Bg3+ {[%clk 0:14:57]} 24. Ke2
{[%clk 1:12:49]} 1-0

[Event "WCO2014"]
[Site "Tromso"]
[Date "2014.08.05"]
[Round "4.11"]
[WhiteID "8501246"]
[White "Balogun Oluwafemi"]
[BlackID "2107660"]
[Black "Mekhitarian Krikor Sevag"]
[Result "0-1"]
[LiveChessVersion "1.4.3"]
[BlackElo "2568"]
[WhiteElo "2187"]

1. Nf3 {[%clk 1:30:27]} g6 {[%clk 1:30:07]} 2. g3 {[%clk 1:30:07]} Bg7
{[%clk 1:30:35]} 3. Bg2 {[%clk 1:29:29]} e5 {[%clk 1:30:42]} 4. d3
{[%clk 1:28:54]} d5 {[%clk 1:30:56]} 5. Na3 {[%clk 1:26:35]} Ne7 {[%clk 1:30:13]}
6. c4 {[%clk 1:24:25]} c6 {[%clk 1:25:56]} 7. O-O {[%clk 1:23:03]} O-O
{[%clk 1:26:19]} 8. Rb1 {[%clk 1:19:40]} e4 {[%clk 1:16:11]} 9. dxe4
{[%clk 1:18:28]} dxe4 {[%clk 1:16:36]} 10. Ng5 {[%clk 1:16:40]} f5
{[%clk 1:16:14]} 11. Qxd8 {[%clk 1:09:18]} Rxd8 {[%clk 1:16:20]} 12. f3
{[%clk 1:09:41]} h6 {[%clk 1:14:16]} 13. Nh3 {[%clk 1:08:37]} exf3
{[%clk 1:13:30]} 14. Bxf3 {[%clk 1:08:27]} Nd7 {[%clk 1:12:37]} 15. Rd1
{[%clk 1:07:12]} Re8 {[%clk 1:12:37]} 16. Nf4 {[%clk 1:03:58]} Ne5
{[%clk 1:12:18]} 17. Nd3 {[%clk 1:02:48]} Ng4 {[%clk 0:59:09]} 18. Nc2
{[%clk 0:57:27]} g5 {[%clk 0:54:46]} 19. h3 {[%clk 0:46:29]} Nf6 {[%clk 0:54:40]}
20. b3 {[%clk 0:36:35]} Ng6 {[%clk 0:48:16]} 21. e3 {[%clk 0:29:58]} h5
{[%clk 0:27:29]} 22. Bb2 {[%clk 0:20:56]} g4 {[%clk 0:27:43]} 23. hxg4
{[%clk 0:21:11]} fxg4 {[%clk 0:27:46]} 24. Bg2 {[%clk 0:12:53]} Bf5
{[%clk 0:25:59]} 25. Rd2 Rad8 {[%clk 0:22:34]} 26. Rbd1 {[%clk 0:05:45]} Bc8
{[%clk 0:16:35]} 27. Nf4 {[%clk 0:03:07]} Rxd2 {[%clk 0:16:05]} 28. Rxd2
{[%clk 0:03:36]} Nxf4 {[%clk 0:10:35]} 29. exf4 {[%clk 0:03:40]} Bf5
{[%clk 0:10:54]} 30. Kf2 {[%clk 0:02:20]} h4 {[%clk 0:07:22]} 31. gxh4
{[%clk 0:01:51]} g3+ {[%clk 0:07:51]} 32. Kf1 {[%clk 0:01:26]} Bxc2
{[%clk 0:05:43]} 33. Rxc2 {[%clk 0:01:45]} Ng4 {[%clk 0:06:04]} 34. Kg1
{[%clk 0:00:37]} Bxb2 {[%clk 0:05:45]} 35. Rxb2 {[%clk 0:00:50]} Re1+
{[%clk 0:06:13]} 0-1

[Event "WCO2014"]
[Site "Tromso"]
[Date "2014.08.05"]
[Round "4.12"]
[WhiteID "2100029"]
[White "Milos Gilberto"]
[BlackID "8503010"]
[Black "Akinseye Abiola"]
[Result "1-0"]
[LiveChessVersion "1.4.3"]
[BlackElo "2156"]
[WhiteElo "2583"]

1. d4 {[%clk 1:30:55]} Nf6 {[%clk 1:30:51]} 2. c4 {[%clk 1:31:21]} g6
{[%clk 1:31:14]} 3. Nc3 {[%clk 1:31:46]} Bg7 {[%clk 1:31:37]} 4. e4
{[%clk 1:32:11]} d6 {[%clk 1:32:00]} 5. f3 {[%clk 1:32:37]} O-O {[%clk 1:32:11]}
6. Bg5 {[%clk 1:33:03]} h6 {[%clk 1:31:33]} 7. Be3 {[%clk 1:33:20]} e5
{[%clk 1:27:07]} 8. d5 {[%clk 1:33:37]} Ne8 {[%clk 1:20:33]} 9. Qd2
{[%clk 1:32:33]} f5 {[%clk 1:20:18]} 10. exf5 {[%clk 1:32:38]} gxf5
{[%clk 1:19:36]} 11. O-O-O {[%clk 1:32:26]} f4 {[%clk 1:17:34]} 12. Bf2
{[%clk 1:32:49]} Nd7 {[%clk 1:15:05]} 13. Bd3 {[%clk 1:32:30]} Nc5
{[%clk 1:11:04]} 14. Bc2 {[%clk 1:32:21]} a5 {[%clk 1:10:26]} 15. Nge2
{[%clk 1:32:32]} b6 {[%clk 1:09:16]} 16. Rhg1 {[%clk 1:25:37]} Bf5
{[%clk 0:44:14]} 17. Bxf5 {[%clk 1:25:18]} Rxf5 {[%clk 0:44:35]} 18. g3
{[%clk 1:25:40]} fxg3 {[%clk 0:36:37]} 19. Nxg3 {[%clk 1:24:19]} Rxf3
{[%clk 0:32:06]} 20. Bxc5 {[%clk 1:24:16]} bxc5 {[%clk 0:28:51]} 21. Nh5
{[%clk 1:24:28]} Kh7 {[%clk 0:20:31]} 22. Qc2+ {[%clk 1:22:20]} Kh8
{[%clk 0:20:33]} 23. Qg6 {[%clk 1:22:33]} Rf6 {[%clk 0:19:24]} 24. Nxf6
{[%clk 1:21:16]} Qxf6 {[%clk 0:19:45]} 25. Ne4 {[%clk 1:21:38]} Qxg6
{[%clk 0:13:50]} 26. Rxg6 {[%clk 1:22:03]} Rb8 {[%clk 0:10:21]} 27. Rf1
{[%clk 1:21:48]} Kg8 {[%clk 0:08:39]} 28. Re6 {[%clk 1:21:34]} a4
{[%clk 0:07:05]} 29. Kc2 {[%clk 1:21:51]} Ra8 {[%clk 0:06:30]} 30. h4
{[%clk 1:21:21]} Rb8 {[%clk 0:06:49]} 31. h5 {[%clk 1:21:05]} Ra8
{[%clk 0:07:11]} 32. Re7 {[%clk 1:20:41]} Rb8 {[%clk 0:07:29]} 33. Rd7
{[%clk 1:20:24]} Ra8 {[%clk 0:07:41]} 34. Rg1 {[%clk 1:20:18]} Kf8
{[%clk 0:06:59]} 35. Rg3 {[%clk 1:20:11]} Rb8 {[%clk 0:06:52]} 36. Ra3
{[%clk 1:20:13]} Ra8 {[%clk 0:05:11]} 37. Rf3+ {[%clk 1:20:38]} Kg8
{[%clk 0:05:36]} 38. Rg3 {[%clk 1:21:05]} Kf8 {[%clk 0:05:28]} 39. Rg6
{[%clk 1:21:30]} Rb8 {[%clk 0:05:30]} 40. Ng3 {[%clk 1:20:55]} e4
{[%clk 0:04:33]} 41. Nf5 {[%clk 1:20:14]} Rxb2+ {[%clk 0:03:01]} 42. Kc1
{[%clk 1:20:40]} Bc3 {[%clk 0:02:37]} 43. Nxh6 {[%clk 1:19:06]} Nf6
{[%clk 0:01:58]} 44. Rxc7 {[%clk 1:17:09]} Rb8 {[%clk 0:00:55]} 45. Rf7+
{[%clk 1:14:53]} Ke8 {[%clk 0:01:22]} 46. Rfxf6 {[%clk 1:15:13]} 1-0